1067 1201 1891 1237 1723 1825 1088 1121 1155 1138 1833 1007 1182 1139 1698 1342 1102 1525 1732 1093 1586 1486 1169 1106 1890 1714 1345 1991 1808 1330 1950 1270 1216 1044 1558 1402 1056 1820 1495 1550 1170 1106 1985 1042 1227 1297 1045 1228 1362 1209 1412 1064 1499 1694 1810 1377 1508 1495 1580 1284 1912 1984 1148 1218 1486 1431 1038 1365 1380 1530 1303 1169 1391 1303 1203 1779 1169 1071 1976 1829 1717 1358 1756 1292 1783 1325 1730 1897 1159 1092 1787 1477 1634 1273 1838 1069 1362 1309 1151 BCNSPRNW ULIB Ver.6.0+V

เปลี่ยนเป็นภาษาไทย

Change to English
 แสดงรายละเอียดบรรณานุกรม
  กลับหน้าหลัก

Brief Record : Get Marc (ISO 2709) : E-mail record : QR code < ปิดหน้าต่าง
LEADER : 00000nam 2200000uu 4500
001    13399108356
003     ULIB
008    110301s2546||||th 000 0 tha d
020    974909820X
060 04 WY105^bพ474ข 2546
100 0  พวงรัตน์ บุญญานุรักษ์
245 10 ขุมปัญญาทางพยาบาลศาสตร์ =^bWisdom in nursing science /^cพวงรัตน์ บุญญานุรักษ์
246 31 Wisdom in nursing science
260    [กรุงเทพฯ] :^bพระราม4 ปริ้นติ้ง,^c2546
300    421 หน้า :^c30 ซม.
650  7 การพยาบาล, องค์การและการบริหาร
650  7 พยาบาล, การให้บริการ
650  7 พยาบาล, การศึกษา
945    ^p380^l0^i026589
945    ^p380^l0^i018631
945    ^p380^l0^i017581
995    เกษร
999 ^a ใช้งานได้ทุกระบบ
รายการนี้ยังไม่มีแท็ก
คุณยังไม่ได้ล็อกอิน คุณสามารถมีกิจกรรมร่วมกับเว็บไซต์ได้ แต่ต้องล็อกอินก่อน ::
  ล็อกอิน

รายการสื่อสารสนเทศ

ลำดับที่ ประเภท เลขเรียก/บาร์โค้ด สถานที่ สถานะ
- ไม่พบข้อมูล -

รายการใกล้เคียง
    ผู้แต่ง [พวงรัตน์ บุญญานุรักษ์]

    หัวเรื่อง [การพยาบาล, องค์การและการบริหาร]
    หัวเรื่อง [พยาบาล, การให้บริการ]
    หัวเรื่อง [พยาบาล, การศึกษา]

BibComment


ยังไม่เคยถูกคอมเมนท์

คอมเมนท์ทรัพยากรรายการนี้
  คอมเมนท์: ขุมปัญญาทางพยาบาล..


 Copyright 2026. Bcnsprnw @Library